| 000 | 00367nam a22001577a 4500 | ||
|---|---|---|---|
| 005 | 20170916123644.0 | ||
| 008 | 170916b xxu||||| |||| 00| 0 eng d | ||
| 020 | _a978-81-8283-724-9 | ||
| 041 | _aeng | ||
| 082 | _a511.1 | ||
| 100 |
_aGUPTA, M.K. _93936 |
||
| 245 | _aDISCRETE MATHEMATICS | ||
| 260 |
_aMEERUT _bKRISHNA PRAKASHAN |
||
| 300 | _a580p. | ||
| 942 | _cBK | ||
| 999 |
_c5581 _d5579 |
||